<?xml version="1.0" encoding="UTF-8"?>
<record
    xmlns:xsi="http://www.w3.org/2001/XMLSchema-instance"
    xsi:schemaLocation="http://www.loc.gov/MARC21/slim http://www.loc.gov/standards/marcxml/schema/MARC21slim.xsd"
    xmlns="http://www.loc.gov/MARC21/slim">

  <leader>01461nam a2200241 a 4500</leader>
  <controlfield tag="001">47572</controlfield>
  <controlfield tag="003">BD-RjUL</controlfield>
  <controlfield tag="005">20211209054339.0</controlfield>
  <controlfield tag="008">170119s1996    bg ||||| ||||o00| 0 ben d</controlfield>
  <datafield tag="020" ind1=" " ind2=" ">
    <subfield code="c">: Tk. 100.00</subfield>
  </datafield>
  <datafield tag="035" ind1=" " ind2=" ">
    <subfield code="a">(BD-RjUL)</subfield>
  </datafield>
  <datafield tag="040" ind1=" " ind2=" ">
    <subfield code="a">BD-RjUL</subfield>
    <subfield code="b">ben</subfield>
    <subfield code="c">BD-RjUL</subfield>
    <subfield code="d">BD-RjUL</subfield>
  </datafield>
  <datafield tag="041" ind1=" " ind2=" ">
    <subfield code="a">beneng</subfield>
  </datafield>
  <datafield tag="082" ind1=" " ind2=" ">
    <subfield code="2">23</subfield>
    <subfield code="a">342.5492023</subfield>
    <subfield code="b"> BAG 1996</subfield>
  </datafield>
  <datafield tag="110" ind1="1" ind2=" ">
    <subfield code="a"> &#x9AC;&#x9BE;&#x982;&#x9B2;&#x9BE;&#x9A6;&#x9C7;&#x9B6;. </subfield>
    <subfield code="b">&#x986;&#x987;&#x9A8;, &#x9AC;&#x9BF;&#x99A;&#x9BE;&#x9B0; &#x993; &#x9B8;&#x982;&#x9B8;&#x9A6; &#x9AC;&#x9BF;&#x9B7;&#x9AF;&#x9BC;&#x995; &#x9AE;&#x9A8;&#x9CD;&#x9A4;&#x9CD;&#x9B0;&#x9A3;&#x9BE;&#x9B2;&#x9AF;&#x9BC;.</subfield>
    <subfield code="9">183628</subfield>
  </datafield>
  <datafield tag="245" ind1=" " ind2=" ">
    <subfield code="a">&#x997;&#x9A3;&#x9AA;&#x9CD;&#x9B0;&#x99C;&#x9BE;&#x9A4;&#x9A8;&#x9CD;&#x9A4;&#x9CD;&#x9B0;&#x9C0; &#x9AC;&#x9BE;&#x982;&#x9B2;&#x9BE;&#x9A6;&#x9C7;&#x9B6;&#x9C7;&#x9B0; &#x9B8;&#x982;&#x9AC;&#x9BF;&#x9A7;&#x9BE;&#x9A8; = The Constitution of the People's Republic of Bangladesh :</subfield>
    <subfield code="b">[&#x9E7;&#x9EF;&#x9EF;&#x9EC; &#x9B8;&#x9BE;&#x9B2;&#x9C7;&#x9B0; &#x9E9;&#x9E6;&#x9B6;&#x9C7; &#x98F;&#x9AA;&#x9CD;&#x9B0;&#x9BF;&#x9B2; &#x9AA;&#x9B0;&#x9CD;&#x9AF;&#x9A8;&#x9CD;&#x9A4; &#x9B8;&#x982;&#x9B6;&#x9CB;&#x9A7;&#x9BF;&#x9A4;] = [As modified up to 30th April, 1996] /</subfield>
    <subfield code="c">&#x9AC;&#x9BE;&#x982;&#x9B2;&#x9BE;&#x9A6;&#x9C7;&#x9B6;. &#x986;&#x987;&#x9A8;, &#x9AC;&#x9BF;&#x99A;&#x9BE;&#x9B0; &#x993; &#x9B8;&#x982;&#x9B8;&#x9A6; &#x9AC;&#x9BF;&#x9B7;&#x9AF;&#x9BC;&#x995; &#x9AE;&#x9A8;&#x9CD;&#x9A4;&#x9CD;&#x9B0;&#x9A3;&#x9BE;&#x9B2;&#x9AF;&#x9BC;.</subfield>
  </datafield>
  <datafield tag="260" ind1=" " ind2=" ">
    <subfield code="a">&#x9A2;&#x9BE;&#x995;&#x9BE; :</subfield>
    <subfield code="b">&#x997;&#x9AD;&#x9B0;&#x9CD;&#x9A3;&#x9AE;&#x9C7;&#x9A8;&#x9CD;&#x99F; &#x9AA;&#x9CD;&#x9B0;&#x9BF;&#x9A8;&#x9CD;&#x99F;&#x9BF;&#x982; &#x9AA;&#x9CD;&#x9B0;&#x9C7;&#x9B8;, </subfield>
    <subfield code="c">&#x9E7;&#x9EF;&#x9EF;&#x9EC;</subfield>
  </datafield>
  <datafield tag="300" ind1=" " ind2=" ">
    <subfield code="a">[&#x9E8;&#x9E9;], &#x9E7;&#x9EE;&#x9E6; &#x9AA;&#x9C3;. ; </subfield>
    <subfield code="c">&#x9E8;&#x9EA; &#x9B8;&#x9C7;&#x9AE;&#x9BF;.</subfield>
  </datafield>
  <datafield tag="500" ind1=" " ind2=" ">
    <subfield code="a">" &#x9AE;&#x9C2;&#x9B2; &#x9AA;&#x9BE;&#x9A0;&#x9CD;&#x9AF; &#x9B8;&#x9AE;&#x9BE;&#x9A8;&#x9CD;&#x9A4;&#x9B0;&#x9BE;&#x9B2; &#x9A6;&#x9C1;&#x987; &#x9AD;&#x9BE;&#x9B7;&#x9BE;&#x9AF;&#x9BC; (&#x9AC;&#x9BE;&#x982;&#x9B2;&#x9BE; &#x993; &#x987;&#x982;&#x9B0;&#x9C7;&#x99C;&#x9BF;) &#x9B2;&#x9BF;&#x996;&#x9BF;&#x9A4;"</subfield>
  </datafield>
  <datafield tag="650" ind1=" " ind2=" ">
    <subfield code="a">&#x9B8;&#x982;&#x9AC;&#x9BF;&#x9A7;&#x9BE;&#x9A8;  </subfield>
    <subfield code="z">&#x9AC;&#x9BE;&#x982;&#x9B2;&#x9BE;&#x9A6;&#x9C7;&#x9B6; </subfield>
    <subfield code="y">&#x9E7;&#x9EF;&#x9EF;&#x9EC;</subfield>
    <subfield code="9">183475</subfield>
  </datafield>
  <datafield tag="650" ind1=" " ind2=" ">
    <subfield code="a">Constitution</subfield>
    <subfield code="z">Bangladesh </subfield>
    <subfield code="y">1996</subfield>
    <subfield code="9">183632</subfield>
  </datafield>
  <datafield tag="942" ind1=" " ind2=" ">
    <subfield code="2">ddc</subfield>
    <subfield code="c">RAR</subfield>
  </datafield>
  <datafield tag="999" ind1=" " ind2=" ">
    <subfield code="c">47572</subfield>
    <subfield code="d">47572</subfield>
  </datafield>
  <datafield tag="952" ind1=" " ind2=" ">
    <subfield code="0">0</subfield>
    <subfield code="1">0</subfield>
    <subfield code="2">ddc</subfield>
    <subfield code="4">0</subfield>
    <subfield code="7">1</subfield>
    <subfield code="8">RARE</subfield>
    <subfield code="a">RUCL</subfield>
    <subfield code="b">RUCL</subfield>
    <subfield code="c">Rare</subfield>
    <subfield code="d">1996-09-24</subfield>
    <subfield code="e">Dhaka, Book Syndicate</subfield>
    <subfield code="g">100.00</subfield>
    <subfield code="l">0</subfield>
    <subfield code="o">BRA 342.5492023 BAG 1996</subfield>
    <subfield code="r">2017-01-19 00:00:00</subfield>
    <subfield code="t">C-1</subfield>
    <subfield code="w">2021-12-09</subfield>
    <subfield code="y">RAR</subfield>
  </datafield>
  <datafield tag="952" ind1=" " ind2=" ">
    <subfield code="0">0</subfield>
    <subfield code="1">0</subfield>
    <subfield code="2">ddc</subfield>
    <subfield code="4">0</subfield>
    <subfield code="7">1</subfield>
    <subfield code="8">RARE</subfield>
    <subfield code="a">RUCL</subfield>
    <subfield code="b">RUCL</subfield>
    <subfield code="c">Rare</subfield>
    <subfield code="d">1996-10-24</subfield>
    <subfield code="e">Dhaka, Book Syndicate</subfield>
    <subfield code="g">100.00</subfield>
    <subfield code="l">0</subfield>
    <subfield code="o">BRA 342.5492023  BAG 1996</subfield>
    <subfield code="r">2017-01-19 00:00:00</subfield>
    <subfield code="t">C-2</subfield>
    <subfield code="w">2021-12-09</subfield>
    <subfield code="y">RAR</subfield>
  </datafield>
</record>
